000 00671nam a22002297a 4500
999 _c12772
_d12772
003 AR-CdUCM
008 190410b ||||| |||| 00| 0 spa d
040 _aMUNICIPALIDAD PROVINCIAL DEL CUSCO
_cBIBLIOTECA MUNICIPAL DEL CUSCO
082 _aES / 372.808 /
_bM29
100 _aMaupassant, Guy de
_94138
245 _aLa gordiflona y otros cuentos /
260 _aLima :
_bEditora fiat lux,
_c1988.
300 _a124 paginas ;
_c20 cm.
440 _aCuentos
_n3
_930822
500 _aCuentos
650 _aHistoria
_9136
650 _aLiteratura
_983
650 _aPerĂº
_935
650 _aTexto de lectura
_928968
942 _2ddc
_cLIBROS
945 _apjha
_d2019-04-10